El jardín de al lado /

Guardado en:
Autor Principal: Donoso, José
Formato: Libro
Publicado: Buenos Aires : Sudamericana/planeta, 1985
Materias:
Etiquetas: Agregar Etiqueta
Sin Etiquetas, Sea el primero en etiquetar este registro!
LEADER 00694nam a22002295a 4500
001 CEM.cems002114
005 20101213121615.0
008 130507s1985##################000#0#####d
003 CEMS
020 |a 9503701589 
082 0 4 |a Ch863.4 
100 1 |a Donoso, José 
245 1 0 |a El jardín de al lado /  |c José Donoso 
260 |a Buenos Aires :  |b Sudamericana/planeta,  |c 1985 
300 |a 264 p. 
653 |a Literatura 
653 |a Literatura hispanoamericana 
653 |a Literatura chilena 
653 |a Novelas 
653 |a Novela chilena-siglo 20 
859 |a CEMS  |b BIB. CEMS - 11 de abril  |h Ch863.4  |i D718  |p 14211.86  |t Ej.1 
859 |a CEMS  |b BIB. CEMS - 11 de abril  |h Ch863.4  |i D718  |p 14212.86  |t Ej.2